00370cam a22001217a 4500008004000000082001400040245009600054260003100150300001000181650001900191700002100210700001700231180718b2000 xxu||||| |||| 00| 0 eng d aB301 G862 aRighting wrongs: the ombudsman in six continentscedited by Roy Gregory and Philip Giddings aAmsterdambIOS Pressc2000 a489p. aOmbudspersons. aGiddings, Philip aGregory, Roy